Dosiahnuté a žiadúce zmeny v zahraničnom obchode Slovenska
Základná teritoriálna a tovarová orientácia zahraničného obchodu Slovenska po r.1989, Európska únia prioritou. Stratégia pre r.1994 a 1995. Výsledky zahraničného obchodu za 1. polrok 1993. Rakúsko hlavný partner z EZVO, obchod s Japonskom, USA a SRN, s krajinami višegrádskej štvorky a bývalými kraji...
Gespeichert in:
| 1. Verfasser: | |
|---|---|
| Format: | Buchkapitel |
| Sprache: | Slowakisch |
| Schlagworte: | |
| Tags: |
Keine Tags, Fügen Sie das erste Tag hinzu!
|
MARC
| LEADER | 00000naa a2200000 4500 | ||
|---|---|---|---|
| 001 | r016252 | ||
| 005 | 20221205091114.4 | ||
| 041 | 0 | |a slo | |
| 044 | |a SK | ||
| 245 | 1 | 0 | |a Dosiahnuté a žiadúce zmeny v zahraničnom obchode Slovenska |c Jaroslav Bartl |
| 520 | |a Základná teritoriálna a tovarová orientácia zahraničného obchodu Slovenska po r.1989, Európska únia prioritou. Stratégia pre r.1994 a 1995. Výsledky zahraničného obchodu za 1. polrok 1993. Rakúsko hlavný partner z EZVO, obchod s Japonskom, USA a SRN, s krajinami višegrádskej štvorky a bývalými krajinami ZSSR. Oživenie obchodu. Potreba rizikového kapitálu zo zahraničia. Výhody Slovenska pre zahraničných partnerov. | ||
| 610 | 2 | 0 | |a obchod zahraničný |
| 610 | 2 | 0 | |a Slovensko |
| 610 | 2 | 0 | |a 1993 |
| 610 | 2 | 0 | |a január-jún |
| 610 | 2 | 0 | |a údaje štatistické |
| 610 | 2 | 0 | |a politika zahraničnoobchodná |
| 100 | 1 | |a Bartl, Jaroslav | |